Tallest Building by City - Statistics

General Stats
  • This quiz has been taken 9 times
  • The average score is 6 of 50
Answer Stats
Building Name City Fact % Correct
One Vanderbilt NYC/New York
50%
Sky Tower Auckland Originally built for Harrah's entertainment, now used for telecom.REVOLVING restaurant
25%
Centro de Comercio Internacional Bogota
25%
Alvear Tower Buenos Aires
25%
Gevora Tower Dubai Largest Hotel building as per guiness
25%
Marina 101 Dubai
25%
International Commerce Centre Hongkong Tallest building of hongkong
25%
Torre Latinoamericana Mexico City 1956 -First skyscrapper built with glass & Aluminium on active seismic zone
25%
Central Park Tower NYC/New York/Manhattan tallest primarily residential building in the world
25%
Lakhta Center Saint Petersburg
25%
Lotte World Tower Seoul
25%
Jin Mao Tower Shanghai
25%
Goldin Finance 117,/ China 117 Tower Tianjin Failed skyscrapper project
25%
Yachthouse Residence Club and Infinity Coast Balneario Camboriu/Santa Catarina Tallest Building of Brazil
13%
BD Bacata Bogata
13%
Torre Colpatria Bogota
13%
Haeundae LCT The Sharp Landmark Tower Busan
13%
The Marina Torch Dubai
13%
Q1 Tower Gold Coast Residential building, Tallest of Autralia & 2nd in S.Hemisphere
13%
The Pinnacle Guangzhou
13%
Guangzhou CTF Finance Centre @530m Guangzhou
13%
Autograph Tower/Thamrin Nine Jakarta Tallest building in S.Hemisphere
13%
Jeddah Tower Jeddah Designed by Adrian Smith,project owned by Al-Waleed bin Talal, a grandson of Ibn Saud is on Hold
13%
The Exchange 106 Kuala Lumpur
13%
Merdeka 118 Kuala Lumpur
13%
Al Hamra Tower Kuwait
13%
Torre Banco de la Nación Lima
13%
Abraj Al-Bait Clock Tower Mecca
13%
Zifeng Tower Nanjing
13%
Steinway Tower/111 West 57th Street NYC/New York World's thinnest skyscrapper opened in 2022 , Manhattan
13%
Vessel NYC/New York Hudson Yards development, built by Thomas Heatherwick
13%
Gran Torre Santiago/Chile
13%
Mirante do Vale Sao Paulo
13%
KK100 Shenzhen
13%
The ArcelorMittal Orbit Stratford/London 114.5-metre sculpture and observation tower
13%
CITIC Tower / China Zun Beijing
0%
Iconic Tower Cairo/NAC
0%
Parque Central Complex Caracas
0%
International Land-Sea Center Chongqing
0%
Princess Tower Dubai
0%
Landmark 81 Ho Chi Minh City
0%
Two International Finance Centre Hongkong
0%
Coltejer Building Medellín
0%
Torre Mitikah A Mexico City Tallest Building in Mexico City - 2022
0%
Telecommunications Tower Montevideo
0%
Altino Arantes / Banespa Sao Paulo
0%
Ark Nova Sendai Anish Kapoor for Lucerne Festival
0%
Forum 66 Tower 1 Shenyang
0%
Ping An International Finance Centre Shenzhen
0%
Tianjin CTF Finance Centre @530m Tianjin
0%
No matching quizzes found
Score Distribution
Percent of People with Each Score
Percentile by Number Answered
Your Score History
You have not taken this quiz